|
|
|
|
| LEADER |
00000cam a2200000 a 4500 |
| 001 |
vtls009956864 |
| 003 |
SK-MaSNL |
| 005 |
20260301030111.0 |
| 008 |
251106s2009 xr a n 000 0 cze |
| 015 |
|
|
|a SNBZSA2011-00559
|
| 020 |
|
|
|a 9788073676124
|q (brož.)
|
| 035 |
|
|
|a F18EAF31-B58D-4E72-980C-C887BA61D265
|
| 035 |
|
|
|a urn:nbn:sk:snk-aml89m
|
| 035 |
|
|
|a urn:nbn:sk:snk-am008ss6
|
| 040 |
|
|
|a SNK
|b slo
|c SNK
|e AACR2
|
| 041 |
1 |
|
|a cze
|h slo
|
| 044 |
|
|
|a xr
|c CZ
|
| 072 |
|
7 |
|a 159.93/.94
|x Senzorické a motorické funkcie. Emócie. Vôľa
|2 konspekt
|
| 080 |
|
|
|a 159.946.3
|x (035)
|2 2001
|
| 080 |
|
|
|a 159.922.72
|2 2001
|
| 080 |
|
|
|a 81`233
|2 2001
|
| 080 |
|
|
|a 316.772.2
|2 2001
|
| 080 |
|
|
|a 173.5/.7
|2 2001
|
| 080 |
|
|
|a 316.346.32-053.31
|2 2001
|
| 080 |
|
|
|a 316.346.32-053.3
|2 2001
|
| 080 |
|
|
|a 316.346.32-053.4
|2 2001
|
| 080 |
|
|
|a (035)
|2 2001
|
| 100 |
1 |
|
|a Horňáková, Katarína
|4 aut
|9 323359
|
| 240 |
1 |
0 |
|a Kniha o detskej reči
|l Česky
|
| 245 |
1 |
0 |
|a Jak mluvit s dětmi
|b od narození do tří let
|c Katarína Horňáková, Svetlana Kapalková, Marína Mikulajová ; [ze slovenského originálu přeložila Kateřina Slavíková]
|
| 246 |
3 |
0 |
|a Jak mluvit s dětmi od narození do tří let
|
| 250 |
|
|
|a 1. vyd.
|
| 260 |
|
|
|a Praha
|b Portál
|c 2009
|
| 300 |
|
|
|a 167 s
|b fotogr.
|c 23 cm
|
| 490 |
1 |
|
|a Rádci pro rodiče a vychovatele
|
| 500 |
|
|
|a Terminologický slovník
|
| 504 |
|
|
|a Obsahuje bibliografiu
|
| 650 |
0 |
7 |
|a vývoj reči
|2 SNKPH
|9 71289
|
| 650 |
0 |
7 |
|a rečové zručnosti
|2 SNKPH
|9 68317
|
| 650 |
0 |
7 |
|a vývoj dieťaťa
|2 SNKPH
|9 67528
|
| 650 |
0 |
7 |
|a verbálna komunikácia
|2 SNKPH
|9 1561
|
| 650 |
0 |
7 |
|a rodičia a deti
|2 SNKPH
|9 63347
|
| 650 |
0 |
7 |
|a novorodenci
|2 SNKPH
|9 1225
|
| 650 |
0 |
7 |
|a kojenci
|2 SNKPH
|9 117795
|
| 650 |
0 |
7 |
|a batoľatá
|2 SNKPH
|9 1226
|
| 655 |
|
7 |
|a príručky
|2 SNKPH
|9 74364
|
| 700 |
1 |
|
|a Kapalková, Svetlana,
|d 1975-
|4 aut
|9 204820
|
| 700 |
1 |
|
|a Mikulajová, Marína,
|d 1955-
|4 aut
|9 260114
|
| 700 |
1 |
|
|a Slavíková, Kateřina
|4 trl
|9 323360
|
| 830 |
|
0 |
|a Rádci pro rodiče a vychovatele
|9 306515
|
| 919 |
|
|
|a 978-80-7367-612-4
|
| 958 |
|
|
|a ZS
|
| 958 |
|
|
|a OP
|
| 958 |
|
|
|a CZ
|
| 958 |
|
|
|a NB
|
| 999 |
|
|
|c 573796
|d 575726
|
| 952 |
|
|
|a SNK
|b SNK
|y PREZ
|7 0
|p 17A0666194
|o snkSC 141348
|i snk2010/15731
|8 4
|g 7.14
|0 0
|1 0
|4 0
|d 2009-12-02
|f 1
|l 0
|r 2025-07-09 00:00:00
|w 2026-02-23
|